00725nam a2200241 a 4500001001300000003000900013005001700022008004100039020001000080082001500090100001800105245008100123260004100204300000900245500003500254505001000289650004000299700001800339902000800357942000700365952009600372999001500468nice12345678IN_TiNIC20260116012820.0050524s1899 lona grp 000 0 eng  ac10000a221.6bSPU aSpurgeon, G H aChrist in the Old Testamentb Sermons on Foreshadowing of Our Lord in O.T Hi aLondonbPassmore and Alabasterc1899 a714p aincludes index and biblioraphy2 aIndex aBible O.T. Criticism & Interpretati1 aSpurgeon, G H bSRS cBK 00104070aHMIbHMId2007-06-18g100.00l0o221.6 SPUp12720r2007-06-18w2026-01-16yARB c8489d8489